Glosario de la Lengua Atacameña. Tirada de 200 ejemplares hecha a expensas de la Universidad de Chile
Wedi'i Gadw mewn:
| Prif Awduron: | , , |
|---|---|
| Fformat: | Llyfr |
| Iaith: | Sbaeneg |
| Cyhoeddwyd: |
Santiago
Imprenta Cervantes, calle de la Bandera, 73
1896
|
| Rhifyn: | 1a. ed |
| Pynciau: | |
| Tagiau: |
Ychwanegu Tag
Dim Tagiau, Byddwch y cyntaf i dagio'r cofnod hwn!
|
MARC
| LEADER | 00000nam a2200000 a 4500 | ||
|---|---|---|---|
| 001 | UCJ7355 | ||
| 003 | CL-VaPUC | ||
| 005 | 20221102175318.0 | ||
| 008 | 070124e18960000CL |||||||||||||||||spa|d | ||
| 999 | |c 323447 |d 323445 | ||
| 040 | |c Pontificia Universidad Católica de Valparaíso | ||
| 041 | 0 | 7 | |a spa |2 CL-VaPUC |
| 041 | 0 | 7 | |a kuz |2 CL-VaPUC |
| 082 | 0 | 4 | |a 498 |b VAI |2 21 |
| 100 | |a Vaïsse, Emilio |q (Emeth, Omer) |e autor |9 877928 | ||
| 245 | 1 | 0 | |a Glosario de la Lengua Atacameña. Tirada de 200 ejemplares hecha a expensas de la Universidad de Chile |
| 250 | |a 1a. ed | ||
| 260 | |a Santiago |b Imprenta Cervantes, calle de la Bandera, 73 |c 1896 | ||
| 300 | |a 36 p | ||
| 500 | |a Informe de Don Rodolfo Oroz, que sirve de Prólogo | ||
| 583 | |a last modification |c 20070124 00:00:00 |k Rodrigo Vera | ||
| 600 | |a Oroz Scheibe, Rodolfo, |d 1895-1997 |9 878172 | ||
| 650 | 7 | |a LENGUAS ABORIGENES |2 CL-VaPUC |9 445955 | |
| 650 | 7 | |a LENGUA ATACAMEÑA |2 CL-VaPUC |9 515389 | |
| 650 | 0 | |a Etnografía |9 309735 | |
| 651 | 0 | |a Atacama |9 319604 | |
| 700 | 0 | |a Hoyos, Félix 2§ |e author |9 515687 | |
| 700 | 0 | |a Echeverría i Reyes, Aníbal |e author |9 515688 | |
| 942 | |c BK |2 ddc | ||
| 945 | |d 20070124 00:00:00 |a rinostro | ||
| 952 | |0 0 |1 0 |4 0 |6 498_000000000000000_VAI_1896 |7 0 |8 X |9 403027 |a FDOBUD |b FDOBUD |d 2019-11-22 |i 1062018 |o 498 VAI 1896 |p 1062018 |r 2019-11-22 |w 2019-11-22 |y BK_X |k BUD | ||